Countries Sweden Declared War On - Statistics

General Stats
  • This quiz has been taken 148 times
  • The average score is 4 of 5
Answer Stats
Country % Correct
Russia
98%
Kalmar Union(Christian II)
96%
France
89%
United Kingdom
81%
Prussia
52%
No matching quizzes found
Score Distribution
Percent of People with Each Score
Percentile by Number Answered
Your Score History
You have not taken this quiz